| 000 | 01373cam a2200361 a 4500 | ||
|---|---|---|---|
| 001 | ocm49045664 | ||
| 003 | OCoLC | ||
| 005 | 20250116094832.0 | ||
| 008 | 020220s2001 maua a 000 0 eng d | ||
| 020 | _a9780618169313 (board bk.) | ||
| 040 |
_aSDE _cSDE _dTEF _dTnLvILS |
||
| 041 | 1 |
_aeng _aspa _heng |
|
| 245 | 0 | 0 |
_aComo me siento? = _bHow do I feel? / _c[from the editors of the The American Heritage Dictionaries ; illustrations by Pamela Cote]. |
| 246 | 3 | 1 | _aHow do I feel? |
| 260 |
_aBoston : _bHoughton Mifflin Harcourt, _cc2001. |
||
| 300 |
_a1 v. (unpaged) : _bcol. ill. ; _c13 cm. |
||
| 490 | 1 |
_aGood beginnings = _aUn buen comienzo. |
|
| 500 | _aCover title. | ||
| 500 | _aOn board pages. | ||
| 520 | _aWords in English and Spanish describe different feelings of youngsters. | ||
| 546 | _aParallel text in English and Spanish. | ||
| 650 | 0 |
_aVocabulary _vJuvenile literature. |
|
| 650 | 0 |
_aSpanish language _vGlossaries, vocabularies, etc. _vJuvenile literature. |
|
| 650 | 0 |
_aEnglish language _vGlossaries, vocabularies, etc. _vJuvenile literature. |
|
| 650 | 0 |
_aEmotions in children _vJuvenile literature. |
|
| 650 | 0 | _aEmotions. | |
| 650 | 1 |
_aSpanish language materials _xBilingual. |
|
| 655 | 0 | _aBoard books. | |
| 700 | 1 |
_aCote, Pamela, _eill. |
|
| 710 | 2 | _aAmerican Heritage Publishing Company. | |
| 830 | 0 | _aGood beginnings. | |
| 942 | _cBK | ||
| 999 |
_c17654 _d17654 |
||